Entry Nombre personal
001 - NÚMERO DE CONTROL
- campo de control: 46641
003 - IDENTIFICADOR DE NÚMERO DE CONTROL
- campo de control: OSt
005 - FECHA Y HORA DE LA ÚLTIMA TRANSACCIÓN
- campo de control: 20230222192135.0
008 - ELEMENTOS DE DATO DE LONGITUD-FIJA
- campo de control de longitud fija: 030508 n acnnnaaan n ann d
040 ## - FUENTE DE CATALOGACIÓN
- Centro catalogador/agencia de origen: OSt
- Centro/agencia transcriptor: OSt
100 1# - ENCABEZAMIENTO-NOMBRE DE PERSONA
- Nombre de persona: Edith Stein
- Títulos y otros términos asociados al nombre: , Santa (
- Fechas asociadas al nombre: 1891-1942)
400 1# - TRAZADO DE VÉASE--NOMBRE DE PERSONA
- Nombre de persona: Teresa Benedicta de la Cruz
- Títulos y otros términos asociados al nombre: Santa (
- Fechas asociadas al nombre: 1891-1942)
400 1# - TRAZADO DE VÉASE--NOMBRE DE PERSONA
- Nombre de persona: Stein, Edith (
- Fechas asociadas al nombre: 1891-1942)
400 1# - TRAZADO DE VÉASE--NOMBRE DE PERSONA
- Nombre de persona: Stein, Edith
- Títulos y otros términos asociados al nombre: Santa (
- Fechas asociadas al nombre: 1891-1942)
